Statistiken für Hauptstädte, die auf U enden

Klicken Sie hier um das Quiz zu spielen!

Allgemein

  • Dieses Quiz wurde 404 mal gespielt
  • Das Durchschnittsergebnis liegt bei 5 aus 12

Antwortstatistiken

Antwort% Korrekt
Baku
76%
Moskau
58%
Chișinău
55%
Kathmandu
42%
Mogadischu
41%
Warschau
41%
Maseru
40%
Thimphu
40%
Nassau
39%
Bissau
37%
Ouagadougou
33%
Roseau
28%

Verteilung der Resultate

Perzentil nach korrekt beantworteten Fragen

Anzahl Personen mit jedem Resultat

Ihre Resultats-Entwicklung

Sie haben dieses Quiz noch nicht gespielt